00729cam a22002291 450000100060000000300080000600500170001400800390003103500190007003500200008904000470010904100080015608200200016410000220018424501270020625000120033326000320034530000650037750400200044265000150046270000220047713308BD-RjUL20211208235432.0140130s1955 nyua b 001 0 eng a(BD-RjUL)13359 a(OCoLC)16738101 aDLCcOrPSdODaWUdOCoLCdDLCdBD-RjULbeng aeng a620.1bMIH 19551 aMiner, Douglas F.10aHandbook of engineering materials :bprepared by a staff of specialists /cDouglas F. Miner and John B. Seastone, editors. a1st ed. aNew York :bWiley ,cc1955. a1 v. (various pagings) :billus., diagrs., tables. ;c21 cm. aIncludes index. 0aMaterials.1 aSeastone, John B.